[Event "Swiss Queens Wed #18"]
[Site "FIDE Online Arena INT"]
[Date "2024.05.29"]
[Round "9"]
[White "Ram, Jwalanthi"]
[Black "Milner, Romi"]
[Result "1/2-1/2"]
[WhiteElo "1817"]
[BlackElo "1865"]
[PlyCount "119"]
[EventDate "2024.05.29"]
[EventType "swiss (blitz)"]
[EventRounds "11"]
[EventCountry "NET"]
[SourceTitle "CBM 220 Extra"]
[Source "ChessBase"]
[SourceDate "2024.07.31"]
[SourceVersion "1"]
[SourceVersionDate "2024.07.31"]
[SourceQuality "1"]

1. c4 e6 2. e4 d5 3. exd5 exd5 4. d4 dxc4 5. Bxc4 Nf6 6. Nc3 Be7 7. Nf3 0-0 8. 0-0 Bg4 9. Be3 Nbd7 10. h3 Bh5 11. Be2 c6 12. Ne5 Bxe2 13. Qxe2 Nxe5 14. dxe5 Nd5 15. Nxd5 Qxd5 16. Bf4 Rad8 17. Rfd1 Qe6 18. Rxd8 Rxd8 19. Rd1 Qxa2 20. Rxd8+ Bxd8 21. Qd3 Qd5 22. Qf5 Qe6 23. Qd3 Qe7 24. Be3 a6 25. Bc5 Qxc5 26. Qxd8+ Qf8 27. Qd7 Qb8 28. f4 Kf8 29. Qf5 h6 30. e6 f6 31. Qc5+ Ke8 32. Qh5+ Kd8 33. Qf7 Qd6 34. Qg8+ Ke7 35. Qf7+ Kd8 36. f5 Qd4+ 37. Kh2 Qf4+ 38. Kh1 Qf1+ 39. Kh2 Qf4+ 40. Kg1 Qc1+ 41. Kf2 Qxb2+ 42. Ke3 Qc3+ 43. Ke4 Qc4+ 44. Kf3 Qd3+ 45. Kf2 Qd2+ 46. Kg3 Qe3+ 47. Kh2 Qf4+ 48. Kg1 Qe3+ 49. Kf1 Qd3+ 50. Ke1 Qe3+ 51. Kd1 Qd3+ 52. Ke1 Qe3+ 53. Kf1 Qd3+ 54. Kg1 Qe3+ 55. Kh1 Qe1+ 56. Kh2 Qe5+ 57. Kg1 Qe1+ 58. Kh2 Qe5+ 59. Kh1 Qe1+ 60. Kh2 1/2-1/2

[Event "Titled Tuesday intern op 28th May Early"]
[Site "Chess.com INT"]
[Date "2024.05.28"]
[Round "6"]
[White "Ram, Jwalanthi"]
[Black "Kleibel, Uwe"]
[Result "0-1"]
[WhiteElo "1817"]
[BlackElo "2302"]
[PlyCount "116"]
[EventDate "2024.05.28"]
[EventType "swiss (blitz)"]
[EventRounds "11"]
[EventCountry "USA"]
[SourceTitle "EXT 2025"]
[Source "ChessBase"]
[SourceDate "2024.10.14"]
[SourceVersion "1"]
[SourceVersionDate "2024.10.14"]
[SourceQuality "1"]

1. c4 Nf6 2. Nc3 c5 3. g3 g6 4. Bg2 Bg7 5. e4 0-0 6. Nge2 Nc6 7. 0-0 Ne8 8. d3 Nc7 9. Be3 Ne6 10. Qd2 Ned4 11. f4 d6 12. Rad1 f5 13. exf5 gxf5 14. a3 e6 15. b4 Rb8 16. b5 Ne7 17. Bxd4 cxd4 18. Nb1 Qb6 19. a4 Qc5 20. a5 b6 21. a6 Bd7 22. Qb2 Be8 23. Qa3 Bh5 24. Qxc5 bxc5 25. Rd2 e5 26. fxe5 dxe5 27. Bb7 Bh6 28. Rb2 Be3+ 29. Kg2 Rf6 30. Ng1 Rbf8 31. Nf3 e4 32. dxe4 fxe4 33. Bxe4 Ng6 34. Bxg6 Bxg6 35. Nfd2 Rf2+ 36. Rxf2 Rxf2+ 37. Kh3 h5 38. b6 Bf5+ 39. g4 Bxg4+ 40. Kg3 axb6 41. a7 Rf8 42. Rxb6 Bf4+ 43. Kg2 Ra8 44. Rb7 Bf5 45. Kf2 Bxh2 46. Na3 Bf4 47. Nf3 Be3+ 48. Kg2 Be4 49. Rc7 Bf4 50. Rd7 d3 51. Nb5 d2 52. Kf2 Bc2 53. Nxd2 Bxd2 54. Rxd2 Bb3 55. Nd6 Rxa7 56. Ne4 Rc7 57. Rc2 Bxc2 58. Ke3 Bxe4 0-1

[Event "Titled Tuesday intern op 28th May Early"]
[Site "Chess.com INT"]
[Date "2024.05.28"]
[Round "4"]
[White "Ram, Jwalanthi"]
[Black "Viskelis, Darius"]
[Result "0-1"]
[WhiteElo "1817"]
[BlackElo "2167"]
[PlyCount "114"]
[EventDate "2024.05.28"]
[EventType "swiss (blitz)"]
[EventRounds "11"]
[EventCountry "USA"]
[SourceTitle "EXT 2025"]
[Source "ChessBase"]
[SourceDate "2024.10.14"]
[SourceVersion "1"]
[SourceVersionDate "2024.10.14"]
[SourceQuality "1"]

1. c4 e6 2. e4 e5 3. Nc3 Bc5 4. g3 Nc6 5. Bg2 Nf6 6. Nge2 0-0 7. 0-0 a5 8. h3 d6 9. d3 h6 10. Be3 Nd4 11. Bxd4 Bxd4 12. Nxd4 exd4 13. Nd5 c6 14. Nxf6+ Qxf6 15. Qf3 Qxf3 16. Bxf3 Bxh3 17. Bg2 Bxg2 18. Kxg2 c5 19. f4 a4 20. b3 Ra6 21. bxa4 Rxa4 22. Rfb1 Rfa8 23. Rxb7 Rxa2+ 24. Rxa2 Rxa2+ 25. Kf3 Rd2 26. Rb3 h5 27. Ra3 g6 28. Rb3 Kg7 29. Ra3 f6 30. Rb3 g5 31. fxg5 fxg5 32. Ra3 Kf6 33. g4 h4 34. Rb3 Ke5 35. Ra3 h3 36. Kg3 h2 37. Ra1 Rxd3+ 38. Kxh2 Rc3 39. Rf1 Rxc4 40. Rf5+ Kxe4 41. Rxg5 d3 42. Rg6 Rd4 43. Rf6 d2 44. Rf1 d1Q 45. Rxd1 Rxd1 46. g5 Kf5 47. g6 Kxg6 48. Kg3 Rd4 49. Kf3 Kf5 50. Ke3 Ke5 51. Kf3 c4 52. Ke3 c3 53. Kf3 c2 54. Ke3 c1Q+ 55. Ke2 Qc3 56. Kf2 Rd2+ 57. Ke1 Qc1# 0-1

[Event "Titled Tuesday intern op 28th May Early"]
[Site "Chess.com INT"]
[Date "2024.05.28"]
[Round "5"]
[White "Sakhayi, Mostafa"]
[Black "Ram, Jwalanthi"]
[Result "0-1"]
[WhiteElo "2181"]
[BlackElo "1817"]
[PlyCount "92"]
[EventDate "2024.05.28"]
[EventType "swiss (blitz)"]
[EventRounds "11"]
[EventCountry "USA"]
[SourceTitle "EXT 2025"]
[Source "ChessBase"]
[SourceDate "2024.10.14"]
[SourceVersion "1"]
[SourceVersionDate "2024.10.14"]
[SourceQuality "1"]

1. d4 Nf6 2. c4 e6 3. Nc3 Bb4 4. e3 b6 5. Bd3 Bb7 6. Nf3 d6 7. 0-0 Bxc3 8. bxc3 Nbd7 9. Nd2 0-0 10. e4 e5 11. f4 h6 12. fxe5 dxe5 13. Qc2 c5 14. d5 Ne8 15. Nf3 Nd6 16. Qf2 f5 17. exf5 e4 18. Qg3 Qf6 19. Bf4 Nxf5 20. Qh3 exd3 21. Rae1 Rae8 22. g4 Rxe1 23. Nxe1 Ne7 24. Qxd3 g5 25. Bg3 Qxf1+ 26. Qxf1 Rxf1+ 27. Kxf1 Nf6 28. Nf3 Nxg4 29. h3 Ne3+ 30. Kg1 Nxc4 31. d6 Bxf3 32. dxe7 Bc6 33. Bb8 a6 34. Kf2 Kf7 35. Kg3 Kxe7 36. Bc7 b5 37. Kg4 b4 38. cxb4 cxb4 39. Kh5 Bg2 40. h4 gxh4 41. Kxh6 h3 42. Kg5 Ke6 43. Bg3 Kd5 44. Kf4 Kd4 45. Bf2+ Kc3 46. Bg1 Kb2 0-1

[Event "Titled Tuesday intern op 28th May Early"]
[Site "Chess.com INT"]
[Date "2024.05.28"]
[Round "3"]
[White "Tikhonov, Viacheslav"]
[Black "Ram, Jwalanthi"]
[Result "1-0"]
[WhiteElo "2160"]
[BlackElo "1817"]
[PlyCount "189"]
[EventDate "2024.05.28"]
[EventType "swiss (blitz)"]
[EventRounds "11"]
[EventCountry "USA"]
[SourceTitle "EXT 2025"]
[Source "ChessBase"]
[SourceDate "2024.10.14"]
[SourceVersion "1"]
[SourceVersionDate "2024.10.14"]
[SourceQuality "1"]

1. e4 c5 2. Nf3 Nc6 3. d4 cxd4 4. Nxd4 Nf6 5. Nc3 e5 6. Ndb5 d6 7. Bg5 a6 8. Na3 b5 9. Nd5 Be7 10. Bxf6 Bxf6 11. c3 0-0 12. Nc2 Bg5 13. h4 Bh6 14. g3 f5 15. exf5 Bxf5 16. Bg2 Rc8 17. Nce3 Bxe3 18. Nxe3 Be6 19. 0-0 Ne7 20. Qd2 Qd7 21. Rad1 Rcd8 22. Nd5 Nxd5 23. Bxd5 Kh8 24. Rfe1 Bg4 25. Rc1 Qf5 26. Qe3 Bf3 27. Bxf3 Qxf3 28. Rcd1 Qxe3 29. Rxe3 g6 30. Red3 Rf6 31. Rd5 Re6 32. a4 bxa4 33. Ra5 Rb8 34. Rd2 d5 35. Raxd5 Reb6 36. Rxe5 Rxb2 37. Rd7 Rb1+ 38. Kg2 a3 39. Ra5 Ra1 40. Rxa6 a2 41. Raa7 h6 42. c4 Rc8 43. c5 Kg8 44. c6 Rc1 45. Rxa2 R1xc6 46. Raa7 h5 47. Rg7+ Kf8 48. Rh7 Kg8 49. Rhd7 Kf8 50. Rab7 Kg8 51. Rh7 Rd6 52. Rbg7+ Kf8 53. Rb7 Kg8 54. Rhc7 Rxc7 55. Rxc7 Rf6 56. Rd7 Re6 57. Ra7 Rf6 58. Re7 Kf8 59. Rh7 Kg8 60. Rd7 Kf8 61. f3 Kg8 62. g4 hxg4 63. fxg4 Kf8 64. Kg3 Kg8 65. Rd4 Kf8 66. Rf4 Kg7 67. Rxf6 Kxf6 68. Kf3 Kf7 69. Kf4 Kg7 70. Ke5 Kf7 71. g5 Ke7 72. Kd5 Kd7 73. Kd4 Kd6 74. Ke4 Ke6 75. Kf4 Kf7 76. Kf3 Ke7 77. Ke3 Ke6 78. Ke4 Kd6 79. Kf4 Ke6 80. Kg4 Ke5 81. h5 gxh5+ 82. Kxh5 Ke6 83. Kh6 Kf5 84. g6 Kf6 85. g7 Kf5 86. Kh7 Kg4 87. g8Q+ Kh4 88. Qg7 Kh3 89. Qg6 Kh2 90. Kg7 Kh1 91. Kf6 Kh2 92. Kf5 Kh1 93. Kf4 Kh2 94. Kf3 Kh1 95. Qg2# 1-0

[Event "Titled Tuesday intern op 21st May Early"]
[Site "Chess.com INT"]
[Date "2024.05.21"]
[Round "5"]
[White "Bogaudinov, Rushan"]
[Black "Ram, Jwalanthi"]
[Result "1-0"]
[WhiteElo "1912"]
[BlackElo "1817"]
[PlyCount "131"]
[EventDate "2024.05.21"]
[EventType "swiss (blitz)"]
[EventRounds "11"]
[EventCountry "USA"]
[SourceTitle "CBM 220 Extra"]
[Source "ChessBase"]
[SourceDate "2024.07.31"]
[SourceVersion "1"]
[SourceVersionDate "2024.07.31"]
[SourceQuality "1"]

1. d4 Nf6 2. g3 d5 3. Bg2 Nc6 4. Nf3 Bf5 5. c3 e6 6. 0-0 Bd6 7. Nbd2 0-0 8. Nh4 Bg6 9. Nxg6 hxg6 10. e4 dxe4 11. Nxe4 Nxe4 12. Bxe4 f5 13. Bxc6 bxc6 14. Qb3 Qd7 15. Re1 Rfe8 16. f4 c5 17. Be3 cxd4 18. Bxd4 c5 19. Bf2 Rab8 20. Qc2 Qb7 21. b3 Kf7 22. Rad1 Rbd8 23. Qe2 Qe7 24. Rd3 Bc7 25. Red1 Rxd3 26. Rxd3 Rd8 27. Rxd8 Bxd8 28. Qe5 Bb6 29. a4 Qd7 30. Qe2 Qd5 31. c4 Qd6 32. Qf3 Qd7 33. a5 Bxa5 34. Bxc5 Bb6 35. Bxb6 axb6 36. Qe3 Qd6 37. Kf2 Qb4 38. Ke2 Qd6 39. h4 Qc6 40. Kd3 Qd6+ 41. Kc3 Qc6 42. Kb4 Kf6 43. Qe5+ Kf7 44. Qd4 Kg8 45. Qd8+ Kf7 46. Qd4 Kg8 47. Ka3 Kf7 48. b4 Qf3+ 49. Ka4 Qc6+ 50. b5 Qa8+ 51. Kb3 Qa5 52. Qd7+ Kf6 53. Qc7 Qa8 54. Qxb6 Qf3+ 55. Kb4 Qxg3 56. Qd4+ Kf7 57. b6 Qe1+ 58. Kc5 Qa5+ 59. Kc6 Qa4+ 60. Kc7 Qa8 61. b7 Qa5+ 62. Qb6 Qc3 63. c5 Qf3 64. b8Q Qxf4+ 65. Qd6 Qxh4 66. Qbf8# 1-0

[Event "Titled Tuesday intern op 21st May Early"]
[Site "Chess.com INT"]
[Date "2024.05.21"]
[Round "8"]
[White "Ram, Jwalanthi"]
[Black "Chen, Justin"]
[Result "0-1"]
[WhiteElo "1817"]
[BlackElo "2371"]
[PlyCount "102"]
[EventDate "2024.05.21"]
[EventType "swiss (blitz)"]
[EventRounds "11"]
[EventCountry "USA"]
[SourceTitle "CBM 220 Extra"]
[Source "ChessBase"]
[SourceDate "2024.07.31"]
[SourceVersion "1"]
[SourceVersionDate "2024.07.31"]
[SourceQuality "1"]

1. c4 g6 2. Nc3 Bg7 3. g3 d6 4. Bg2 Nc6 5. e4 h5 6. Nge2 h4 7. h3 hxg3 8. fxg3 e5 9. d3 Be6 10. Be3 Qd7 11. h4 Nf6 12. Qb3 Ng4 13. Bd2 0-0-0 14. Rf1 f5 15. 0-0-0 Bh6 16. Bxh6 Rxh6 17. exf5 gxf5 18. Nb5 Kb8 19. d4 Na5 20. Qb4 Bxc4 21. Qxa5 Qxb5 22. Qxb5 Bxb5 23. Rf2 Nxf2 24. Nc3 Nxd1 25. Kxd1 Bd7 26. dxe5 dxe5 27. Ke2 Rg8 28. Kf2 Rhg6 29. Ne2 Bb5 30. Nc3 Rxg3 31. Bd5 Rxc3 32. bxc3 Rg4 33. h5 Rh4 34. h6 Rxh6 35. c4 Rd6 36. cxb5 Rxd5 37. a4 Rd4 38. a5 Kc8 39. b6 cxb6 40. axb6 axb6 41. Ke3 b5 42. Kf3 b4 43. Ke3 b3 44. Kf3 b2 45. Kg3 b1Q 46. Kf3 Qb3+ 47. Ke2 Qd3+ 48. Kf2 Rf4+ 49. Kg2 Qf3+ 50. Kh2 Rh4+ 51. Kg1 Rh1# 0-1

[Event "Titled Tuesday intern op 21st May Early"]
[Site "Chess.com INT"]
[Date "2024.05.21"]
[Round "4"]
[White "Ram, Jwalanthi"]
[Black "Szczepanek, Radoslaw"]
[Result "0-1"]
[WhiteElo "1817"]
[BlackElo "2205"]
[PlyCount "126"]
[EventDate "2024.05.21"]
[EventType "swiss (blitz)"]
[EventRounds "11"]
[EventCountry "USA"]
[SourceTitle "CBM 220 Extra"]
[Source "ChessBase"]
[SourceDate "2024.07.31"]
[SourceVersion "1"]
[SourceVersionDate "2024.07.31"]
[SourceQuality "1"]

1. c4 Nf6 2. Nc3 g6 3. g3 Bg7 4. Bg2 0-0 5. e4 d6 6. Nge2 c5 7. 0-0 Nc6 8. d3 Rb8 9. Be3 a6 10. Qd2 b5 11. b3 b4 12. Nd1 Ng4 13. Rc1 Nxe3 14. Nxe3 a5 15. f4 a4 16. f5 Nd4 17. Nxd4 Bxd4 18. Kh1 axb3 19. axb3 Ra8 20. e5 Ra3 21. exd6 exd6 22. fxg6 hxg6 23. Rb1 Qg5 24. Rfe1 Bc3 25. Qf2 Bxe1 26. Rxe1 Rxb3 27. Nd5 Rxd3 28. Nf6+ Kg7 29. Ne4 Qf5 30. Qb2+ Qe5 31. Qf2 Bb7 32. Nd2 Bxg2+ 33. Kxg2 Qd4 34. Qxd4+ Rxd4 35. Re2 Ra8 36. Nf3 Rxc4 37. h4 b3 38. Nd2 Ra2 39. Kf2 Rb4 40. Nb1 Rxe2+ 41. Kxe2 c4 42. Kd2 d5 43. Kc3 Rb6 44. Kd4 Rb5 45. Kc3 Kf6 46. Kd4 Ke6 47. g4 f5 48. h5 fxg4 49. h6 g3 50. h7 Rb8 51. Ke3 Rh8 52. Kf3 Rxh7 53. Kxg3 Rh1 54. Nc3 Rc1 55. Na4 c3 56. Kg4 b2 57. Nxb2 cxb2 58. Kg5 b1Q 59. Kh6 Rh1+ 60. Kg7 Qb7+ 61. Kxg6 Rg1+ 62. Kh5 Qb2 63. Kh4 Qh2# 0-1

[Event "Swiss Queens Wed #16"]
[Site "FIDE Online Arena INT"]
[Date "2024.05.15"]
[Round "3"]
[White "Farhat Willemstein, Stela Souza"]
[Black "Ram, Jwalanthi"]
[Result "0-1"]
[WhiteElo "1855"]
[BlackElo "1817"]
[PlyCount "120"]
[EventDate "2024.05.15"]
[EventType "swiss (blitz)"]
[EventRounds "11"]
[EventCountry "NET"]
[SourceTitle "CBM 220 Extra"]
[Source "ChessBase"]
[SourceDate "2024.07.31"]
[SourceVersion "1"]
[SourceVersionDate "2024.07.31"]
[SourceQuality "1"]

1. e4 c5 2. Nf3 Nc6 3. c3 Nf6 4. e5 Nd5 5. d4 cxd4 6. cxd4 d6 7. exd6 e6 8. Nc3 Nxc3 9. bxc3 Bxd6 10. Bb5 Bd7 11. Bg5 Qa5 12. Qa4 Qxc3+ 13. Ke2 Qb2+ 14. Bd2 a6 15. Rab1 Qa3 16. Bxc6 Bxc6 17. Qxa3 Bxa3 18. Ne5 Bd5 19. Bb4 Bxb4 20. Rxb4 Rc8 21. Rd1 Ke7 22. Rd2 Rc7 23. f3 Rhc8 24. Nd3 Bc4 25. Rb6 Rd8 26. Rbb2 Rxd4 27. Ke3 Rxd3+ 28. Rxd3 Bxd3 29. Kxd3 Rd7+ 30. Ke3 Rc7 31. g4 b5 32. Kd3 Rd7+ 33. Ke3 Rc7 34. h4 Rc3+ 35. Kf4 e5+ 36. Kg3 e4 37. Re2 Rxf3+ 38. Kg2 f5 39. gxf5 Rxf5 40. Rxe4+ Kf6 41. Rg4 g6 42. Rg3 Rc5 43. Kh3 Rc2 44. Rg2 Rxg2 45. Kxg2 a5 46. Kf3 Kf5 47. Ke3 Kg4 48. Kd4 Kxh4 49. Kc5 Kg3 50. Kxb5 h5 51. Kxa5 h4 52. Kb6 h3 53. a4 h2 54. a5 h1Q 55. a6 Qa8 56. a7 g5 57. Ka6 g4 58. Kb6 Kh3 59. Ka6 g3 60. Kb6 g2 0-1

[Event "Titled Tuesday intern op 14th May Early"]
[Site "Chess.com INT"]
[Date "2024.05.14"]
[Round "4"]
[White "Ram, Jwalanthi"]
[Black "Burmakin, Evgeniy"]
[Result "0-1"]
[WhiteElo "1812"]
[BlackElo "2174"]
[PlyCount "80"]
[EventDate "2024.05.14"]
[EventType "swiss (blitz)"]
[EventRounds "11"]
[EventCountry "USA"]
[SourceTitle "EXT 2025"]
[Source "ChessBase"]
[SourceDate "2024.10.14"]
[SourceVersion "1"]
[SourceVersionDate "2024.10.14"]
[SourceQuality "1"]

1. c4 Nf6 2. Nc3 g6 3. g3 Bg7 4. Bg2 0-0 5. e4 d6 6. Nge2 e5 7. 0-0 Nc6 8. d3 Nd7 9. f4 f5 10. a3 Nf6 11. h3 Be6 12. Be3 Qd7 13. Kh2 Rae8 14. Nd5 fxe4 15. dxe4 exf4 16. Nexf4 Ne5 17. Nxe6 Rxe6 18. b3 Ree8 19. Qd2 c6 20. Nxf6+ Rxf6 21. Rxf6 Bxf6 22. Rf1 Bg7 23. Bh6 Rf8 24. Rxf8+ Kxf8 25. Qf4+ Qf7 26. Bxg7+ Kxg7 27. Qd2 Qf6 28. Qc2 h5 29. c5 h4 30. gxh4 Qf4+ 31. Kg1 Qe3+ 32. Kh2 dxc5 33. Qb2 Qf4+ 34. Kg1 Kh6 35. Qe2 Qc1+ 36. Kh2 Qf4+ 37. Kg1 Qxh4 38. Qe3+ Qg5 39. Qxc5 Nf3+ 40. Kf1 Qxc5 0-1

[Event "Titled Tuesday intern op 14th May Early"]
[Site "Chess.com INT"]
[Date "2024.05.14"]
[Round "6"]
[White "Ram, Jwalanthi"]
[Black "Chernov, Mikhail"]
[Result "0-1"]
[WhiteElo "1812"]
[BlackElo "2167"]
[PlyCount "62"]
[EventDate "2024.05.14"]
[EventType "swiss (blitz)"]
[EventRounds "11"]
[EventCountry "USA"]
[SourceTitle "EXT 2025"]
[Source "ChessBase"]
[SourceDate "2024.10.14"]
[SourceVersion "1"]
[SourceVersionDate "2024.10.14"]
[SourceQuality "1"]

1. d4 Nf6 2. Bg5 Ne4 3. Bh4 g6 4. f3 Nd6 5. e4 Bg7 6. Bf2 c5 7. dxc5 Bxb2 8. cxd6 Bxa1 9. dxe7 Qa5+ 10. Nd2 Bc3 11. Bc4 b5 12. Bd5 Nc6 13. Ne2 Kxe7 14. Nxc3 Qxc3 15. 0-0 Rf8 16. Nb3 Bb7 17. Bc5+ d6 18. Bxc6 dxc5 19. Qd7+ Kf6 20. Bxb7 Qe3+ 21. Kh1 Rad8 22. Qc6+ Kg7 23. Nxc5 Qe2 24. Rg1 Rd2 25. Nd3 Rxc2 26. Qd5 Rxa2 27. Nf4 Qb2 28. h4 h5 29. Nh3 a5 30. e5 Re8 31. Re1 Qxg2# 0-1

[Event "Swiss Queens Wed #15"]
[Site "FIDE Online Arena INT"]
[Date "2024.05.08"]
[Round "4"]
[White "Kiolbasa, Oliwia"]
[Black "Ram, Jwalanthi"]
[Result "1-0"]
[WhiteElo "2387"]
[BlackElo "1812"]
[PlyCount "43"]
[EventDate "2024.05.08"]
[EventType "swiss (blitz)"]
[EventRounds "11"]
[EventCountry "NET"]
[SourceTitle "CBM 220 Extra"]
[Source "ChessBase"]
[SourceDate "2024.07.31"]
[SourceVersion "1"]
[SourceVersionDate "2024.07.31"]
[SourceQuality "1"]

1. e4 c5 2. Nf3 Nc6 3. Bb5 e5 4. 0-0 Bd6 5. c3 Nf6 6. Re1 0-0 7. d4 cxd4 8. cxd4 Qc7 9. d5 Nd8 10. Nc3 a6 11. Bf1 Be7 12. Bg5 d6 13. Rc1 Qb6 14. Qd2 Bg4 15. Na4 Qa7 16. Rc7 Re8 17. Nh4 Qb8 18. Rxe7 Rxe7 19. Bxf6 gxf6 20. Qh6 Bd7 21. Re3 f5 22. Rg3+ 1-0

[Event "Titled Tuesday intern op 07th May Early"]
[Site "Chess.com INT"]
[Date "2024.05.07"]
[Round "11"]
[White "Ram, Jwalanthi"]
[Black "Pahomov, Ruslan"]
[Result "0-1"]
[WhiteElo "1812"]
[BlackElo "2191"]
[PlyCount "64"]
[EventDate "2024.05.07"]
[EventType "swiss (blitz)"]
[EventRounds "11"]
[EventCountry "USA"]
[SourceTitle "EXT 2025"]
[Source "ChessBase"]
[SourceDate "2024.10.14"]
[SourceVersion "1"]
[SourceVersionDate "2024.10.14"]
[SourceQuality "1"]

1. c4 Nf6 2. Nc3 g6 3. g3 Bg7 4. Bg2 0-0 5. e4 c5 6. Nge2 Nc6 7. 0-0 Rb8 8. d3 d6 9. h3 a6 10. a4 Ne8 11. f4 Nc7 12. f5 b5 13. axb5 axb5 14. cxb5 Nxb5 15. Nd5 Nbd4 16. Nxd4 Nxd4 17. Ra7 Rb7 18. Rxb7 Bxb7 19. Nc3 Qa8 20. fxg6 hxg6 21. Be3 Be5 22. Kh2 f5 23. Nd5 Bxd5 24. exd5 Qb8 25. Bxd4 Bxd4 26. Qd2 Qxb2 27. Qh6 Rf6 28. h4 Be5 29. h5 gxh5 30. Qxh5 Qd2 31. Rxf5 Rh6 32. Rg5+ Qxg5 0-1

[Event "Titled Tuesday intern op 23rd Apr Early"]
[Site "Chess.com INT"]
[Date "2024.04.23"]
[Round "10"]
[White "Porozhniak, Maya"]
[Black "Ram, Jwalanthi"]
[Result "1/2-1/2"]
[WhiteElo "1930"]
[BlackElo "1816"]
[PlyCount "165"]
[EventDate "2024.04.23"]
[EventType "swiss (blitz)"]
[EventRounds "11"]
[EventCountry "USA"]
[SourceTitle "EXT 2025"]
[Source "ChessBase"]
[SourceDate "2024.10.14"]
[SourceVersion "1"]
[SourceVersionDate "2024.10.14"]
[SourceQuality "1"]

1. e4 c5 2. Nf3 Nc6 3. d4 cxd4 4. c3 dxc3 5. Nxc3 e6 6. Bc4 Bb4 7. 0-0 Nge7 8. Nb5 d5 9. exd5 exd5 10. Bd3 Bg4 11. h3 Bxf3 12. Qxf3 a6 13. Nc3 Bxc3 14. bxc3 0-0 15. Rd1 h6 16. c4 Ne5 17. Qh5 Nxd3 18. Rxd3 Ng6 19. cxd5 Qf6 20. Rb1 Rac8 21. d6 Rxc1+ 22. Rxc1 Nf4 23. Qd1 Nxd3 24. Qxd3 Rd8 25. d7 Qe6 26. Rc8 Rxc8 27. d8Q+ Rxd8 28. Qxd8+ Kh7 29. Qd3+ g6 30. a3 b5 31. h4 Qe1+ 32. Kh2 Qe5+ 33. g3 Qf5 34. Qe3 Qe6 35. Qf3 a5 36. Qf4 Qe7 37. Qb8 b4 38. axb4 axb4 39. Kg2 Qe4+ 40. Kh2 Qd4 41. Kg2 Qd5+ 42. Kg1 b3 43. Qb4 Qd1+ 44. Kg2 Qc2 45. Qb7 Kg7 46. Qe7 b2 47. Qe5+ Kh7 48. Qf6 Qf5 49. Qxb2 Qd5+ 50. f3 Qe6 51. Kf2 h5 52. Qd4 Qf5 53. Kg2 Qc2+ 54. Kh3 Qf5+ 55. Kg2 Qc2+ 56. Kg1 Qc1+ 57. Kf2 Qc2+ 58. Ke3 Qc6 59. g4 Qe6+ 60. Kf2 hxg4 61. fxg4 Qa2+ 62. Kg3 Qb3+ 63. Kf4 Qh3 64. h5 gxh5 65. Qe4+ Kg7 66. Qe5+ Kf8 67. Qh8+ Ke7 68. gxh5 Qh4+ 69. Kf3 Qh3+ 70. Ke4 Qg4+ 71. Kd5 Qf5+ 72. Kc6 Qe6+ 73. Kb5 Qd5+ 74. Kb4 Qe4+ 75. Kc3 Qf3+ 76. Kc4 Qg4+ 77. Kd5 Qf5+ 78. Qe5+ Qxe5+ 79. Kxe5 f6+ 80. Kf5 Kf7 81. h6 Kg8 82. h7+ Kxh7 83. Kxf6 1/2-1/2